| 000 | 00822nam a2200253 a 4500 | ||
|---|---|---|---|
| 008 | 000210s1999 a yxo a r 0 slo c | ||
| 020 |
_a8071349771 _c20 |
||
| 040 |
_aSNK _bslo _cSNK _eAACR2 |
||
| 041 | 1 |
_aslo _heng |
|
| 044 |
_axo _cSK |
||
| 080 | _a159.922:173.1 | ||
| 080 | _a173.1 | ||
| 100 | 1 |
_aWhyman, Matthew _4aut |
|
| 245 | 1 | 0 |
_aRozvod a odlúčenie _bako zvládnuť rozchod rodičov _cnapísal Matthew Whyman ; ilustroval Harry Venning ; [preklad Zuzana Višňovská] |
| 260 |
_aBratislava _bEGMONT _c1999 |
||
| 300 |
_a144 s. _bilustr. _c20 cm |
||
| 490 | 1 | _aChceš vedieť viac? | |
| 500 | _aÚdaj o prekl. prevzatý z rubu tit. strany | ||
| 650 | 0 | 7 |
_arozvod (soc.) _xúvahy _2SNK |
| 700 | 1 |
_aVenning, Harry _4ill |
|
| 700 | 1 |
_aVišňovská, Zuzana _4trl |
|
| 760 | 1 | _tChceš vedieť viac? | |
| 958 | _aAPP | ||
| 999 |
_c19864 _d19864 |
||